Đặc trưng truyện ngắn Anh-Mỹ
Bewaard in:
| Hoofdauteur: | |
|---|---|
| Formaat: | Boek |
| Taal: | Undetermined |
| Gepubliceerd in: |
Hà Nội
Nxb. Đại học Sư phạm
2013
|
| Onderwerpen: | |
| Tags: |
Voeg label toe
Geen labels, Wees de eerste die dit record labelt!
|
| Thư viện lưu trữ: | Trung tâm Học liệu Trường Đại học Cần Thơ |
|---|
| LEADER | 00632nam a2200205Ia 4500 | ||
|---|---|---|---|
| 001 | CTU_224087 | ||
| 008 | 210402s9999 xx 000 0 und d | ||
| 020 | |c 58000 | ||
| 082 | |a 809.3 | ||
| 082 | |b B113 | ||
| 100 | |a Lê, Huy Bắc | ||
| 245 | 0 | |a Đặc trưng truyện ngắn Anh-Mỹ | |
| 245 | 0 | |c Lê Huy Bắc | |
| 260 | |a Hà Nội | ||
| 260 | |b Nxb. Đại học Sư phạm | ||
| 260 | |c 2013 | ||
| 650 | |a Truyện ngắn Anh,Short stories, English | ||
| 650 | |x Lịch sử và phê bình,History and criticism | ||
| 910 | |b tttuyen | ||
| 980 | |a Trung tâm Học liệu Trường Đại học Cần Thơ | ||